000 00706nam a2200229 i 4500
001 14460
003 ES-MaACL
005 20240512063030.0
007 t|
008 990318s1992 sp a |||| | spa d
020 _a8487422276
080 _a821.134.2-14"19"
100 1 _aRuiz de Torres, Juan,
_d1931-2014
_9155342
245 1 1 _a¿Tí estí?
_b: (homenaje a la Filosofía) /
_cJuan Ruiz de Torres.
260 _aMadrid :
_bAltorrey,
_c1992.
300 _a67 p. :
_bil. ;
_c21 cm.
490 1 _aColección Río Aulencia
830 0 _aColección "Río Aulencia"
_9179810
852 _aES-MaACL
_j2306-F-12
_z. - Dedicatoria autógrafa del autor
942 _2udc
999 _c14460
_d14460